LEADER 00737nam0 2200253 450 001 000013364 005 20080620142354.0 100 $a20080620d1979----km-y0itay50------ba 101 0 $aita 102 $aIT 105 $ay-------001yy 200 1 $aScienza economica e trasformazioni sociali$fGiacomo Becattini 210 $aFirenze$cLa nuova Italia$d1979 215 $aXIII, 285 p.$d21 cm 225 2 $aDimensioni$v51 410 0$12001$aDimensioni 610 1 $aEconomia 676 $a330.08$v18 700 1$aBecattini,$bGiacomo$033001 801 0$aIT$bUNIPARTHENOPE$c20080620$gRICA$2UNIMARC 912 $a000013364 951 $a032/43$b5571$cNAVA2 996 $aScienza economica e trasformazioni sociali$9509364 997 $aUNIPARTHENOPE LEADER 01291nam 2200409 450 001 9910583010803321 010 $a0-08-102385-5 035 $a(CKB)3840000000332966 035 $a(MiAaPQ)EBC5247374 035 $a(PPN)233365192 035 $a(EXLCZ)993840000000332966 100 $a20180220h20182018 uy 0 101 0 $aeng 135 $aurcnu|||||||| 181 $2rdacontent 182 $2rdamedia 183 $2rdacarrier 200 10$aFundamentals of advanced mathematics$h2$iField extensions, topology and topological vector spaces, functional spaces, and sheaves /$fHenri Bourles 210 1$aLondon, [England] :$cISTE press :$cElsevier,$d2018. 210 4$dİ2018 215 $a1 online resource (362 pages) 225 0 $aNew mathematical methos, systems and applications set 311 $a1-78548-249-1 320 $aIncludes bibliographical references and index. 606 $aField extensions (Mathematics) 606 $aTopology 615 0$aField extensions (Mathematics) 615 0$aTopology. 676 $a512.74 700 $aBourles$b Henri$0914595 801 0$bMiAaPQ 801 1$bMiAaPQ 801 2$bMiAaPQ 906 $aBOOK 912 $a9910583010803321 996 $aFundamentals of advanced mathematics$92049722 997 $aUNINA